| 000 | 00661nam a2200169 a 4500 | ||
|---|---|---|---|
| 008 | 120416s1976 ||||||||||||||||| || u | ||
| 020 | _a0521210038 | ||
| 050 | _aHB 871 Cox | ||
| 100 | _aCox, Peter R | ||
| 245 | 1 | 0 | _aDemography |
| 250 | _a5th ed. | ||
| 260 |
_aCambridge _bThe University Press _c1976 |
||
| 350 | _a0.00 | ||
| 650 | _aDEMOGRAPHY | ||
| 995 |
_aMAIN LIBRARY OPEN ACCESS _D0.00 _e708865 _FCBU-MAIN LIBRARY (Kitwe) _H2 _I16.95 _jHB 871 Cox _M1 _UOUT _y002395 _ZMain Library Open Access Collection |
||
| 995 |
_aANNEX COLLECTION (Main Library) _D0.00 _e727927 _FCBU-MAIN LIBRARY (Kitwe) _H1 _I16.95 _jHB 871 Cox _M2 _UAVAILABLE _y026004 _ZAnnex Low-Usage Collection |
||
| 999 |
_c63430 _d63430 |
||